000
00329nam a22001457a 4500
003
SGT
020
_a
9788123909738
082
_a
726.1430954,GRO
100
_a
GROVER,SATISH
245
_a
BUDDHIST AND HINDU ARCHITECTURE IN INDIA
250
_a
2ND
260
_a
NEW DELHI
_b
CBS PUB.
_c
2022
300
_a
237
942
_2
ddc
_c
BK
999
_c
25046
_d
25046